| 000 | 01943nam a2200421 c 4500 | ||
|---|---|---|---|
| 003 | BLK | ||
| 005 | 20250103134101.0 | ||
| 008 | 180409b bul|||||r ||||||| ||bul|| | ||
| 010 | _aKNG00136847000 | ||
| 020 |
_a978-954-574-092-3 _bиздат.: Световна библ. |
||
| 040 | _aBLK | ||
| 041 |
_aBUL _cBUL |
||
| 072 | 7 |
_2bullib _aН91 _xГеография Н |
|
| 080 |
_aКраезнание _b908 _x(262.5:210:247.2)(036) _z908(262.5:210:247.2)(036) |
||
| 080 |
_aЗабавно пътуване. Туризъм - пътуване пеша, с кола, колело, автобус, влак, параход, самолет, изкачване на планина, ездене и др. п. _b379.85 _x(262.5:210:247.2)(036) _z379.85(262.5:210:247.2)(036) |
||
| 100 | 1 |
_aОрачев, Атанас Стойчев _eпърви автор _9322560 |
|
| 139 |
_aОрачев, Атанас Стойчев _bО 66 |
||
| 245 | 1 | 0 |
_aЧудесата на Южното Черноморие _bПътеводител _cАтанас Стойчев Орачев. |
| 257 | _aBGR | ||
| 260 |
_аСофия _bСветовна библ. _c2012 |
||
| 300 |
_a160 с. _bс цв. ил., к. _c21 см |
||
| 380 | _a91 | ||
| 500 | _aРазпространява се с в-к Труд и 24 часа | ||
| 650 | 4 |
_aКурорти, български, морски _9260900 |
|
| 650 | 4 |
_aТуризъм - България - пътеводители _9294409 |
|
| 650 | 4 |
_aЧерноморие, българско _9277579 |
|
| 651 | 4 |
_aЧерноморие _9260379 |
|
| 653 | _aкурорти | ||
| 653 | _aпаметници на културата | ||
| 653 | _aприродни забележителности | ||
| 659 | _aН | ||
| 852 | _aЦб 257311 | ||
| 856 | 4 |
_qpdf _u |
|
| 856 | 4 |
_qpdf _u |
|
| 942 |
_cKNG _n0 _03 |
||
| 944 |
_aCR _c30.08.2011 _k30551 _lБояна Костадинова |
||
| 944 |
_aED _c21.01.2013 _k |
||
| 999 |
_c131047 _d131047 |
||